[Event "BCF-ch PM U1750 op"]
[Site "Hull"]
[Date "2024.08.01"]
[Round "4"]
[White "Robinson, Nette"]
[Black "Ball, Charlie J"]
[Result "0-1"]
[WhiteElo "1578"]
[BlackElo "1630"]
[PlyCount "82"]
[EventDate "2024.07.29"]
[EventType "swiss"]
[EventRounds "6"]
[EventCountry "ENG"]
[SourceTitle "CBM 221 Extra"]
[Source "ChessBase"]
[SourceDate "2024.09.30"]
[SourceVersion "1"]
[SourceVersionDate "2024.09.30"]
[SourceQuality "1"]

1. Nf3 c5 2. b3 Nc6 3. Bb2 Nf6 4. d4 d5 5. c4 Bf5 6. a3 Bxb1 7. Rxb1 Qa5+ 8. Qd2 Qxd2+ 9. Nxd2 cxd4 10. cxd5 Nxd5 11. g3 g6 12. Bg2 Nc3 13. Bxc6+ bxc6 14. Bxc3 dxc3 15. Ne4 Bg7 16. Rc1 Rb8 17. b4 a5 18. Nxc3 axb4 19. axb4 Rxb4 20. 0-0 Bxc3 21. Rxc3 Rb6 22. Rd1 f6 23. Rcd3 Kf7 24. Rd7 Rhb8 25. R1d3 R6b7 26. R7d4 Rc7 27. Kg2 c5 28. Rc4 Rb4 29. Rdc3 Rxc4 30. Rxc4 Ke6 31. e4 Kd6 32. f4 Rb7 33. h4 Rb4 34. e5+ fxe5 35. fxe5+ Kd5 36. Rc1 c4 37. Kf3 Kd4 38. e6 Rb3+ 39. Ke2 Rxg3 40. Rd1+ Rd3 41. Rc1 c3 0-1

[Event "London Chess Classic: Blitz C"]
[Site "London"]
[Date "2019.12.08"]
[Round "5"]
[White "Wallace, John Paul"]
[Black "Ball, Charlie J"]
[Result "1-0"]
[WhiteElo "2345"]
[BlackElo "1249"]
[PlyCount "53"]
[EventDate "2019.12.08"]
[EventType "swiss (blitz)"]
[EventRounds "11"]
[EventCountry "ENG"]
[SourceTitle "EXT 2021"]
[Source "ChessBase"]
[SourceDate "2020.10.23"]
[SourceVersion "1"]
[SourceVersionDate "2020.10.23"]
[SourceQuality "1"]

1. d4 d5 2. c4 e6 3. Nc3 c6 4. e3 Nf6 5. Nf3 Nbd7 6. Qc2 Bb4 7. a3 Ba5 8. Bd3 Bc7 9. 0-0 h6 10. e4 dxe4 11. Nxe4 Nxe4 12. Bxe4 g5 13. Be3 Nf6 14. Ne5 Bxe5 15. dxe5 Nxe4 16. Qxe4 h5 17. Rad1 Qe7 18. b4 Bd7 19. Bc5 Qd8 20. Rd2 Qc7 21. Bd6 Qb6 22. Rfd1 0-0-0 23. Be7 Rdg8 24. Rxd7 g4 25. Bc5 Qa6 26. Qd3 h4 27. Qd6 1-0

[Event "South Normanton Hull op 56th"]
[Site "South Normanton"]
[Date "2019.11.01"]
[Round "1"]
[White "Ball, Charlie J"]
[Black "Boustred, Noel J"]
[Result "0-1"]
[WhiteElo "101"]
[BlackElo "124"]
[PlyCount "52"]
[EventDate "2019.11.01"]
[EventType "swiss"]
[EventRounds "5"]
[EventCountry "ENG"]
[SourceTitle "EXT 2025"]
[Source "ChessBase"]
[SourceDate "2024.10.14"]
[SourceVersion "1"]
[SourceVersionDate "2024.10.14"]
[SourceQuality "1"]

1. d4 f5 2. Bg5 g6 3. Nf3 Bg7 4. e3 Nf6 5. Nbd2 c6 6. c3 Qc7 7. Be2 d6 8. h4 h6 9. Bf4 Be6 10. Bc4 Nd5 11. Qb3 b5 12. Bxd5 Bxd5 13. Qc2 e5 14. dxe5 dxe5 15. Bg3 0-0 16. 0-0-0 Nd7 17. e4 Bf7 18. exf5 gxf5 19. Rde1 Bxa2 20. b3 Qa5 21. Nxe5 Rac8 22. Nxd7 Rfd8 23. Nc5 Bxc3 24. Nc4 bxc4 25. Nb7 Qa3+ 26. Qb2 Qxb2# 0-1

[Event "GBR-ch U10 106th"]
[Site "Torquay"]
[Date "2019.08.02"]
[Round "6"]
[White "Ball, Charlie J"]
[Black "Pert, Max P"]
[Result "0-1"]
[WhiteElo "1360"]
[BlackElo "1340"]
[PlyCount "44"]
[EventDate "2019.07.28"]
[EventType "swiss"]
[EventRounds "7"]
[EventCountry "ENG"]
[SourceTitle "EXT 2025"]
[Source "ChessBase"]
[SourceDate "2024.10.14"]
[SourceVersion "1"]
[SourceVersionDate "2024.10.14"]
[SourceQuality "1"]

1. d4 Nf6 2. Bf4 d5 3. e3 c5 4. Nc3 a6 5. dxc5 e6 6. Na4 Qa5+ 7. c3 Bxc5 8. Nxc5 Qxc5 9. Bd3 Nc6 10. Nf3 0-0 11. 0-0 Re8 12. Qc2 e5 13. b4 Qe7 14. e4 dxe4 15. Bxe4 exf4 16. Bxc6 bxc6 17. Rfe1 Be6 18. Ng5 Bf5 19. Rxe7 Bxc2 20. Rxe8+ Rxe8 21. Rc1 Nd5 22. Rxc2 Re1# 0-1